| 000 | 01297cam a2200361 a 4500 | ||
|---|---|---|---|
| 999 |
_c527008 _d527008 |
||
| 001 | 17083736 | ||
| 003 | NUST | ||
| 005 | 20190718072427.0 | ||
| 008 | 111214s2013 maua 001 0 eng | ||
| 010 | _a 2011945466 | ||
| 020 | _a9781133626381 | ||
| 020 | _a1133626386 | ||
| 038 | _aArshad | ||
| 040 |
_aDLC _cDLC _dDLC |
||
| 042 | _apcc | ||
| 050 | 0 | 0 |
_aQA76.73.C153 _bM268 2013 |
| 082 | 0 | 0 |
_a005.133 _bMAL |
| 100 | 1 |
_aMalik, D. S. _918066 |
|
| 245 | 1 | 0 |
_aC++ programming : _bfrom problem analysis to program design / _cD.S. Malik. |
| 246 | 3 | _aC plus plus programming. | |
| 250 | _a6th ed. | ||
| 260 |
_aBoston, MA : _bCengage Learning, _c2013. |
||
| 300 |
_axli, 1398 p. : _bcol. ill. ; _c23 cm. |
||
| 500 | _aIncludes index. | ||
| 650 | 0 |
_aC++ (Computer program language) _91810 |
|
| 856 | 4 | 2 |
_3Contributor biographical information _uhttp://www.loc.gov/catdir/enhancements/fy1303/2011945466-b.html |
| 856 | 4 | 2 |
_3Publisher description _uhttp://www.loc.gov/catdir/enhancements/fy1303/2011945466-d.html |
| 856 | 4 | 1 |
_3Table of contents only _uhttp://www.loc.gov/catdir/enhancements/fy1303/2011945466-t.html |
| 906 |
_a7 _bcbc _corigcop _d2 _eepcn _f20 _gy-gencatlg |
||
| 942 |
_2ddc _cBK |
||